000 00541nam a2200193Ia 4500
001 56537
008 130521n ii |||gr||||Z||||||465
020 _a9780521541039
082 _a183.2
245 0 _aThe Cambridge Companion to Socrates
_cDonald R Morrison (Edited)
_hTextual Documents
250 _aIst--2011.
260 _aLondon
_bCambridge University Press
300 _a240pg:
_bindex;
_c25cm.
653 _aPhilosophy
653 _aG-Philosophy
653 _aSocrates
700 _aMorrison ,Donald R (Edited).
942 _2ddc
_cBK
999 _c56459
_d56459